| 000 | 00671nam a22001937a 4500 | ||
|---|---|---|---|
| 005 | 20251108164353.0 | ||
| 008 | 250721s1988 xx 000 0 ara d | ||
| 082 | 1 | 4 | _a709.56/ربي |
| 100 | 1 | _aالربيعي، شوكت | |
| 245 | 1 | 0 | _aالفن التشكيلي المعاصر في الوطن العربي 1885-1985 / |
| 264 | 1 |
_aالقاهره : _bالهيئه المصريه العامه للكتاب، _c1988. |
|
| 300 | _a278ص. | ||
| 490 | 0 | _aالألف كتاب الثاني ؛ 49 | |
| 650 | 1 | 7 | _aالفنون التشكيلية |
| 650 | 1 | 7 | _aالبلدان العربية |
| 650 | 1 | 7 | _aالفنون الإسلامية |
| 942 |
_2ddc _cBK |
||
| 999 |
_c10510 _d10510 |
||